[Event "chess.com SpeedChess Q1Sw"]
[Site "chess.com INT"]
[Date "2022.11.10"]
[Round "2"]
[White "Namitbir, Singh Walia"]
[Black "Vaibhav, Jayant Raut"]
[Result "0-1"]
[WhiteTitle "FM"]
[BlackTitle "CM"]
[WhiteElo "2339"]
[BlackElo "2247"]
[WhiteFideId "35071068"]
[BlackFideId "5089034"]
[EventDate "2022.11.10"]

1. d4 Nf6 2. c4 e6 3. Nf3 Bb4+ 4. Bd2 a5 5. g3 O-O 6. Bg2 d6 7. O-O Bxd2 8.
Nbxd2 Nc6 9. e4 e5 10. d5 Ne7 11. Re1 Nd7 12. Nf1 Nc5 13. N3d2 f5 14. exf5 Nxf5
15. Ne4 b6 16. Ne3 Nd4 17. Nc2 Bg4 18. Qd2 Nf3+ 19. Bxf3 Bxf3 20. Nxc5 bxc5 21.
Re3 Qd7 22. Ne1 Bh5 23. Nd3 Bg6 24. Rf1 Qg4 25. f3 Qxc4 26. Nf2 Qxa2 27. Ne4
Bxe4 28. fxe4 Rxf1+ 29. Kxf1 Rf8+ 30. Kg2 Qb1 31. Re1 Qa2 32. Qc2 a4 33. Rf1
Rxf1 34. Kxf1 a3 35. Qa4 Qb1+ 36. Kg2 Qxb2+ 37. Kh3 Qf2 38. Qxa3 Qf1+ 39. Kh4 h6
40. Qa8+ Kh7 41. Qd8 Qf6+ 42. Qxf6 gxf6 43. g4 c4 44. Kg3 c3 0-1

[Event "chess.com SpeedChess Q1Sw"]
[Site "chess.com INT"]
[Date "2022.11.10"]
[Round "2"]
[White "Czerw, Dawid"]
[Black "Aditya, Mittal"]
[Result "1-0"]
[WhiteTitle "FM"]
[BlackTitle "IM"]
[WhiteElo "2373"]
[BlackElo "2486"]
[WhiteFideId "1145746"]
[BlackFideId "35042025"]
[EventDate "2022.11.10"]

1. d4 Nf6 2. c4 e6 3. g3 d5 4. Bg2 Bb4+ 5. Bd2 a5 6. Nf3 O-O 7. O-O dxc4 8. Qc2
Bxd2 9. Nbxd2 b5 10. a4 c6 11. b3 cxb3 12. Nxb3 b4 13. Rfc1 Ba6 14. Ne5 Nfd7 15.
Nxc6 Nxc6 16. Bxc6 Rc8 17. Qd2 Nf6 18. Rc5 Qb6 19. Rac1 Rfd8 20. e3 e5 21. Nxa5
exd4 22. exd4 Ne4 23. Bxe4 Rxc5 24. dxc5 Qxa5 25. Qc2 g6 26. h4 Rb8 27. c6 b3
28. c7 Rc8 29. Qxb3 Qe5 30. Bd5 Kg7 31. Qc3 Qxc3 32. Rxc3 Kf6 33. Bg2 Ke7 34.
Bh3 f5 35. Bf1 Bb7 36. a5 Kd6 37. a6 Ba8 38. Bg2 Bxg2 39. Kxg2 Rxc7 40. Rxc7
Kxc7 41. Kf3 Kb6 42. Kf4 Kxa6 43. Kg5 Kb5 44. Kh6 Kc4 45. Kxh7 Kd3 46. Kxg6 1-0

[Event "chess.com SpeedChess Q1Sw"]
[Site "chess.com INT"]
[Date "2022.11.10"]
[Round "2"]
[White "Stribuk, Artiom"]
[Black "Goltseva, Ekaterina"]
[Result "0-1"]
[WhiteTitle "FM"]
[BlackTitle "FM"]
[WhiteElo "2312"]
[BlackElo "2265"]
[WhiteFideId "13515659"]
[BlackFideId "24173770"]
[EventDate "2022.11.10"]

1. d4 d5 2. c4 e5 3. Nc3 dxc4 4. d5 Nf6 5. e4 c6 6. Bxc4 Bb4 7. Nf3 Nxe4 8. O-O
Nxc3 9. bxc3 Bd6 10. Bg5 f6 11. Be3 c5 12. Nd2 O-O 13. Ne4 b6 14. f4 Ba6 15.
Bxa6 Nxa6 16. f5 c4 17. Qa4 Nc7 18. Qxc4 Rc8 19. Qd3 Qd7 20. Kh1 Rfd8 21. Rad1
Kh8 22. g4 Bf8 23. c4 b5 24. d6 bxc4 25. Qxc4 Nb5 26. Qe6 Qb7 27. Rd5 Nxd6 28.
Rfd1 Nxe4 29. Rxd8 Ng3+ 30. Kg1 Qh1+ 31. Kf2 Ne4+ 32. Ke2 Qg2+ 33. Kd3 Rxd8+ 34.
Kc4 Qc2+ 35. Kb5 Qxd1 36. Bxa7 Qd5+ 37. Qxd5 Rxd5+ 38. Kc6 Rd2 39. a4 Ra2 40.
Kb5 Nc3+ 41. Kc4 Rxa4+ 42. Kxc3 Rxa7 43. Kd3 Re7 0-1

[Event "chess.com SpeedChess Q1Sw"]
[Site "chess.com INT"]
[Date "2022.11.10"]
[Round "2"]
[White "Sreyas, Payyappat"]
[Black "Jaferian, Koosha"]
[Result "1-0"]
[WhiteTitle "FM"]
[BlackTitle "CM"]
[WhiteElo "2145"]
[BlackElo "2227"]
[WhiteFideId "46674969"]
[BlackFideId "12507440"]
[EventDate "2022.11.10"]

1. e4 c6 2. d4 d5 3. Nc3 dxe4 4. Nxe4 Bf5 5. Ng3 Bg6 6. h4 h6 7. Nf3 Nd7 8. Bd3
Bxd3 9. Qxd3 e6 10. Bd2 Ngf6 11. O-O-O Be7 12. Ne4 O-O 13. c4 Qc7 14. Nxf6+ Nxf6
15. Ne5 Rfd8 16. Bf4 Qa5 17. Kb1 c5 18. Qg3 Nh5 19. Qf3 Nxf4 20. Qxf4 Bf6 21.
dxc5 Qxc5 22. Nd7 Qe7 23. Nxf6+ Qxf6 24. Qxf6 gxf6 25. Kc2 f5 26. Kc3 Kg7 27. f3
Kf6 28. g4 Rac8 29. a4 a6 30. a5 Rg8 31. Rd7 fxg4 32. fxg4 Rxg4 33. Rf1+ Kg6 34.
b3 f5 35. Re1 Kf6 36. Rxb7 Rxh4 37. Rb6 f4 38. Rxa6 Re8 39. Rd6 f3 40. Rd3 Rf4
41. Rf1 Ra8 42. b4 Rc8 43. Rdxf3 Rxc4+ 44. Kb3 e5 45. Rxf4+ Rxf4 46. Rxf4+ exf4
47. a6 f3 48. a7 f2 49. a8=Q f1=Q 50. Qf8+ 1-0

[Event "chess.com SpeedChess Q1Sw"]
[Site "chess.com INT"]
[Date "2022.11.10"]
[Round "2"]
[White "Bortnyk, Olexandr"]
[Black "Vokhidov, Shamsiddin"]
[Result "1-0"]
[WhiteTitle "GM"]
[BlackTitle "GM"]
[WhiteElo "2604"]
[BlackElo "2568"]
[WhiteFideId "14120828"]
[BlackFideId "14204223"]
[EventDate "2022.11.10"]

1. e4 c5 2. c3 Nf6 3. e5 Nd5 4. d4 cxd4 5. Nf3 Nc6 6. cxd4 d6 7. Bc4 Nb6 8. Bb5
dxe5 9. Nxe5 Bd7 10. Nxd7 Qxd7 11. Nc3 e6 12. O-O Be7 13. Qg4 O-O 14. Rd1 Rfd8
15. Bh6 g6 16. Bxc6 bxc6 17. Rac1 Nd5 18. Na4 Rab8 19. h3 Rb4 20. b3 Nf6 21. Qf3
Rxd4 22. Rxd4 Qxd4 23. Be3 Qe5 24. Bxa7 Rd2 25. Nc3 Nd5 26. Nxd5 cxd5 27. a4 d4
28. g3 Kg7 29. Bb6 Bd6 30. a5 d3 31. a6 Rc2 32. Rd1 Bc5 33. Bxc5 Qxc5 34. Rxd3
Qa7 35. Kg2 Ra2 36. h4 h5 37. Rd8 Rxa6 38. Qc3+ f6 39. Qc8 Qf7 40. Rd7 Ra7 41.
Rxf7+ Kxf7 42. b4 Re7 43. b5 Re8 44. Qc7+ Re7 45. Qc6 1-0

[Event "chess.com SpeedChess Q1Sw"]
[Site "chess.com INT"]
[Date "2022.11.10"]
[Round "2"]
[White "Pranav, V"]
[Black "Matinian, Nikita"]
[Result "1-0"]
[WhiteTitle "IM"]
[BlackTitle "GM"]
[WhiteElo "2548"]
[BlackElo "2425"]
[WhiteFideId "25060783"]
[BlackFideId "24129100"]
[EventDate "2022.11.10"]

1. e4 e5 2. Nf3 Nc6 3. Bc4 Nf6 4. Ng5 d5 5. exd5 Nd4 6. c3 b5 7. Bf1 Nxd5 8.
cxd4 Qxg5 9. Bxb5+ Bd7 10. Bxd7+ Kxd7 11. O-O exd4 12. d3 Qf5 13. Qa4+ c6 14.
Qxd4 Bd6 15. Nc3 Qe5 16. Qg4+ f5 17. Qh3 Rhf8 18. Bd2 h6 19. Rfe1 Qd4 20. Rad1
Rab8 21. Nxd5 Qxd5 22. Bc3 Rf7 23. Qh5 f4 24. Qh3+ Kc7 25. a3 f3 26. g3 Rd8 27.
Qg4 g5 28. Qc4 Bc5 29. Qa4 Qf5 30. Ba5+ Kb7 31. g4 Qf4 32. Qxf4 Rxf4 33. Bxd8
Rxg4+ 34. Kf1 Rg2 35. d4 Rxh2 36. Kg1 Rg2+ 37. Kh1 Bd6 38. Rd3 Rxf2 39. Re5 g4
40. Bh4 Rxb2 41. Kg1 Rg2+ 42. Kf1 Rh2 43. Bg3 Rh1+ 44. Kf2 Bxe5 45. dxe5 h5 46.
e6 h4 47. Rb3+ Ka6 48. Bd6 g3+ 49. Kxf3 1-0

[Event "chess.com SpeedChess Q1Sw"]
[Site "chess.com INT"]
[Date "2022.11.10"]
[Round "2"]
[White "Odegov, Artem"]
[Black "Swiercz, Dariusz"]
[Result "0-1"]
[WhiteTitle "FM"]
[BlackTitle "GM"]
[WhiteElo "2286"]
[BlackElo "2646"]
[WhiteFideId "34183644"]
[BlackFideId "1126881"]
[EventDate "2022.11.10"]

1. d4 Nf6 2. c4 e6 3. Nf3 d5 4. Nc3 Bb4 5. Bg5 h6 6. Bxf6 Qxf6 7. Qa4+ Nc6 8. e3
O-O 9. Be2 dxc4 10. O-O Bxc3 11. bxc3 Bd7 12. Qxc4 Rfd8 13. Rab1 b6 14. Rfd1 Qe7
15. Qa6 Na5 16. c4 Qa3 17. Rd2 c6 18. c5 b5 19. Ne5 Bc8 20. Rb3 Qa4 21. Bxb5
cxb5 22. Qxb5 Qxb5 23. Rxb5 f6 24. Nf3 Nc6 25. e4 Ba6 26. Rb3 Ne7 27. Rdb2 f5
28. Ra3 Bc4 29. Ne5 Rxd4 30. h3 Rxe4 31. Nf3 Bd5 32. Ra6 Nc6 33. Ra3 Rc8 34. Rd2
Rc4 35. Re3 Rxc5 36. Kh2 Kf7 37. Nh4 Kf6 38. g3 g5 39. Ng2 Bxg2 40. Kxg2 Ne5 41.
Rde2 Rd5 42. Rb2 Nc4 43. Reb3 Nxb2 44. Rxb2 Rdc5 45. Re2 R8c7 46. Rb2 Rc2 47.
Rxc2 Rxc2 48. a4 Ra2 49. a5 Rxa5 50. h4 Rb5 51. hxg5+ hxg5 52. g4 f4 53. f3 Rb2+
54. Kh3 Rb3 55. Kh2 a5 56. Kh3 a4 57. Kh2 a3 58. Kg2 a2 59. Kf2 Rb2+ 60. Ke1
a1=Q# 0-1

[Event "chess.com SpeedChess Q1Sw"]
[Site "chess.com INT"]
[Date "2022.11.10"]
[Round "2"]
[White "Paravyan, David"]
[Black "Predke, Alexandr"]
[Result "0-1"]
[WhiteTitle "GM"]
[BlackTitle "GM"]
[WhiteElo "2586"]
[BlackElo "2684"]
[WhiteFideId "4194985"]
[BlackFideId "24107581"]
[EventDate "2022.11.10"]

1. e4 c5 2. Nf3 e6 3. d4 cxd4 4. Nxd4 a6 5. Nc3 b5 6. Bd3 Bb7 7. O-O Nc6 8. Nxc6
Bxc6 9. Re1 Ne7 10. Bf1 Ng6 11. a4 b4 12. Nd5 Bc5 13. Be3 Bxe3 14. Rxe3 a5 15.
Qg4 O-O 16. Nf4 Qf6 17. Nxg6 fxg6 18. Qe2 Qxb2 19. Qd1 d5 20. exd5 Bxd5 21. Bd3
Rac8 22. Qe1 Qf6 23. Rd1 Rc3 24. h3 Qg5 25. Rg3 Qf4 26. Kh2 Qxf2 27. Qe5 Qf4 28.
Qe1 g5 29. Rd2 h6 30. Re2 Ra3 31. Rxe6 Bxe6 32. Qxe6+ Kh8 33. Qg6 Rxd3 34. Qxd3
Rc8 35. Qd5 Rc3 36. Kg1 Rxg3 37. Qxa5 Qe3+ 38. Kh2 Qf4 39. Kg1 Ra3 40. Qd8+ Kh7
41. Qd1 Qe3+ 42. Kh2 Qe5+ 43. g3 Re3 44. Qg1 Re2+ 45. Kh1 Re1 0-1

[Event "chess.com SpeedChess Q1Sw"]
[Site "chess.com INT"]
[Date "2022.11.10"]
[Round "2"]
[White "Alekseenko, Kirill"]
[Black "Martinez Alcantara, Jose Eduardo"]
[Result "0-1"]
[WhiteTitle "GM"]
[BlackTitle "GM"]
[WhiteElo "2687"]
[BlackElo "2597"]
[WhiteFideId "4135539"]
[BlackFideId "3805662"]
[EventDate "2022.11.10"]

1. e4 c5 2. Nc3 Nc6 3. Bb5 Nd4 4. Nf3 Nxb5 5. Nxb5 d6 6. O-O a6 7. Nc3 Nf6 8. d3
e6 9. a4 b6 10. Bg5 Be7 11. Re1 Bb7 12. d4 cxd4 13. Qxd4 O-O 14. Rad1 Rc8 15.
Bh4 Rc5 16. Bg3 e5 17. Qd3 b5 18. axb5 axb5 19. Nd2 b4 20. Na4 Rc6 21. b3 Ba6
22. Nc4 Bxc4 23. bxc4 Qc7 24. Nb2 Nd7 25. Ra1 Nc5 26. Qd2 Rb8 27. f3 Ne6 28. Bf2
Bg5 29. Qd3 h5 30. g3 Qc8 31. Ra4 Bd8 32. Rea1 Bb6 33. Bxb6 Rcxb6 34. Ra7 b3 35.
c3 h4 36. Qe3 R6b7 37. R7a6 Qd8 38. Kg2 Nc5 39. R6a3 Qf6 40. Qf2 Qg6 41. Qe3 f5
42. exf5 Qxf5 43. Rd1 h3+ 44. Kg1 Rf7 45. Raa1 Qxf3 46. Qxf3 Rxf3 47. Rxd6 Rxc3
48. Rd5 Rc2 49. Rxc5 Rxb2 50. Rxe5 Rc2 51. Rb1 b2 52. Ree1 Rd8 53. Kh1 Rdd2 54.
Rf1 Rxh2+ 0-1

[Event "chess.com SpeedChess Q1Sw"]
[Site "chess.com INT"]
[Date "2022.11.10"]
[Round "2"]
[White "Sarana, Alexey"]
[Black "Pakleza, Zbigniew"]
[Result "1-0"]
[WhiteTitle "GM"]
[BlackTitle "GM"]
[WhiteElo "2668"]
[BlackElo "2496"]
[WhiteFideId "24133795"]
[BlackFideId "1119290"]
[EventDate "2022.11.10"]

1. c4 c6 2. Nf3 d5 3. d4 Nf6 4. Nc3 Qb6 5. e3 Bf5 6. Be2 e6 7. O-O Nbd7 8. Nh4
Be4 9. f3 Bg6 10. e4 dxe4 11. Nxg6 hxg6 12. fxe4 e5 13. c5 Qc7 14. b4 a5 15. b5
exd4 16. Bf4 Qc8 17. Na4 Bxc5 18. Nxc5 Nxc5 19. Rc1 Ncxe4 20. bxc6 bxc6 21. Bb5
cxb5 22. Rxc8+ Rxc8 23. Qxd4 O-O 24. Be5 Rfe8 25. h3 b4 26. Bxf6 gxf6 27. Qa7
Re5 28. Rf4 Kg7 29. Qd4 Rce8 30. Kh2 Nc3 31. Rf2 R8e6 32. Qc4 Re4 33. Qc5 Re2
34. Rxe2 Rxe2 35. Qxa5 Nxa2 36. Qb5 Rb2 37. h4 Nc3 38. Qc4 Rb1 39. h5 gxh5 40.
Qd3 h4 41. Qd4 Rb2 42. Qxh4 Na4 43. Qg3+ Kf8 44. Qb8+ Kg7 45. Qg3+ Kf8 46. Qf4
Kg7 47. Qg4+ Kf8 48. Qd4 Kg7 49. Kh3 Nc3 50. g3 1-0

[Event "chess.com SpeedChess Q1Sw"]
[Site "chess.com INT"]
[Date "2022.11.10"]
[Round "2"]
[White "Paszewski, Mateusz"]
[Black "Hammer, Jon Ludvig"]
[Result "0-1"]
[WhiteTitle "FM"]
[BlackTitle "GM"]
[WhiteElo "2282"]
[BlackElo "2625"]
[WhiteFideId "1141058"]
[BlackFideId "1503707"]
[EventDate "2022.11.10"]

1. Nf3 Nf6 2. c4 e6 3. Nc3 d5 4. e3 Be7 5. b3 O-O 6. Bb2 b6 7. Rc1 Bb7 8. cxd5
Nxd5 9. Nxd5 Bxd5 10. Qc2 c5 11. Bd3 h6 12. Bh7+ Kh8 13. Be4 Nc6 14. a3 Na5 15.
h4 Bxb3 16. Qb1 Rc8 17. g4 f5 18. gxf5 exf5 19. Rg1 Bf6 20. Bxf5 Bxb2 21. Qxb2
Rc7 22. Be4 Bd5 23. Bxd5 Qxd5 24. Ne5 Kg8 25. f4 Nc6 26. Nxc6 Qxc6 27. Ke2 Rd8
28. h5 Rcd7 29. Rcd1 Qd5 30. Qe5 Qxe5 31. fxe5 Rd5 32. d4 cxd4 33. exd4 Rxd4 34.
Rxd4 Rxd4 35. Ke3 Ra4 36. Rc1 Kf7 37. Rc7+ Ke6 38. Rxg7 Kxe5 39. Rg6 Rxa3+ 40.
Kd2 Kd4 41. Rxh6 Ra2+ 42. Kc1 Rh2 43. Rh7 a5 44. h6 Kc3 45. Kd1 b5 0-1

[Event "chess.com SpeedChess Q1Sw"]
[Site "chess.com INT"]
[Date "2022.11.10"]
[Round "2"]
[White "Donchenko, Alexander"]
[Black "Balaji, Aaravamudhan"]
[Result "1-0"]
[WhiteTitle "GM"]
[BlackTitle "CM"]
[WhiteElo "2645"]
[BlackElo "2353"]
[WhiteFideId "24603295"]
[BlackFideId "436224"]
[EventDate "2022.11.10"]

1. d4 e6 2. c4 d5 3. Nf3 Nf6 4. g3 Be7 5. Bg2 O-O 6. O-O dxc4 7. Qc2 Bd7 8. Qxc4
Bc6 9. Nc3 Nbd7 10. Qd3 Bb4 11. Rd1 Nb6 12. a3 Bxc3 13. bxc3 Be4 14. Qb5 a6 15.
Qb4 Nfd5 16. Qb3 a5 17. a4 Qf6 18. Ba3 Rfe8 19. c4 Ne7 20. Bc5 Nd7 21. Bxe7 Qxe7
22. c5 e5 23. Nxe5 Bxg2 24. Kxg2 Nxe5 25. dxe5 Qxc5 26. Rac1 Qxe5 27. Rd7 Re6
28. Rcxc7 Qxe2 29. Rxf7 Qe4+ 30. Qf3 Qxf3+ 31. Kxf3 Rf8 32. Rxf8+ Kxf8 33. Rxb7
Re5 34. Ra7 g5 35. Kg4 Kg8 36. h3 Rd5 37. Kh5 Rc5 38. Kh6 Rd5 39. Ra8+ Kf7 40.
Kxh7 Kf6 41. Kh6 Kf5 42. Kh5 Ke4 43. Kg4 Kd4 44. Rg8 Kc4 45. Rxg5 Rd4+ 46. Kf3
Kb4 47. h4 Kxa4 48. h5 Kb4 49. h6 a4 50. h7 Rd8 51. Rg8 Rd3+ 52. Ke2 1-0

[Event "chess.com SpeedChess Q1Sw"]
[Site "chess.com INT"]
[Date "2022.11.10"]
[Round "2"]
[White "Shimanov, Aleksandr"]
[Black "Ambartsumova, Karina"]
[Result "1-0"]
[WhiteTitle "GM"]
[BlackTitle "IM"]
[WhiteElo "2581"]
[BlackElo "2399"]
[WhiteFideId "4198603"]
[BlackFideId "4166299"]
[EventDate "2022.11.10"]

1. e4 e5 2. Nf3 Nc6 3. Nc3 Nf6 4. h3 d5 5. exd5 Nxd5 6. Bb5 Nxc3 7. bxc3 Bd6 8.
O-O O-O 9. Re1 Qf6 10. d4 exd4 11. cxd4 h6 12. Rb1 Bf5 13. Bb2 Qg6 14. Nh4 Qg5
15. Nxf5 Qxf5 16. Bd3 Qg5 17. c4 Rfe8 18. Be4 Rad8 19. Qf3 Qf4 20. g3 Qxf3 21.
Bxf3 Rxe1+ 22. Rxe1 Bb4 23. Rd1 Bf8 24. Bc3 a5 25. Bxc6 bxc6 26. Bxa5 Ra8 27.
Bxc7 Ra7 28. Bf4 Rxa2 29. d5 cxd5 30. cxd5 Ra7 31. h4 g6 32. Kg2 f5 33. Rc1 Rd7
34. Rc6 Kf7 35. Rc7 Rxc7 36. Bxc7 g5 37. h5 Kf6 38. Kf3 Bc5 39. Ke2 Kf7 40. f3
g4 41. fxg4 fxg4 42. Bf4 Bf8 43. Kd3 Ke7 44. Ke4 Kf6 45. Be3 Bd6 46. Bf4 Bf8 47.
Kd4 Kf5 48. Kd3 Kf6 49. Ke4 1-0

[Event "chess.com SpeedChess Q1Sw"]
[Site "chess.com INT"]
[Date "2022.11.10"]
[Round "2"]
[White "Sjugirov, Sanan"]
[Black "Liyanage, Ranindu Dilshan"]
[Result "1-0"]
[WhiteTitle "GM"]
[BlackTitle "FM"]
[WhiteElo "2712"]
[BlackElo "2331"]
[WhiteFideId "4189302"]
[BlackFideId "9915834"]
[EventDate "2022.11.10"]

1. e4 e5 2. Nf3 Nc6 3. Bb5 a6 4. Ba4 Nf6 5. O-O Nxe4 6. d4 b5 7. Bb3 d5 8. dxe5
Be6 9. Qe2 Nc5 10. Rd1 Nxb3 11. cxb3 Be7 12. Nc3 Qd7 13. Be3 O-O 14. h3 Rfd8 15.
Rd2 Na5 16. Rad1 c5 17. Nxd5 Bxd5 18. Rxd5 Qxd5 19. Rxd5 Rxd5 20. e6 f6 21. Bf4
Rad8 22. Bc7 Rd1+ 23. Kh2 Bd6+ 24. g3 Bxc7 25. e7 Kf7 26. exd8=Q Rxd8 27. Qe4
Bb6 28. Qxh7 c4 29. Kg2 cxb3 30. axb3 Nxb3 31. Nh4 Rd2 32. Qh5+ Kf8 33. Ng6+ Kg8
34. h4 Rxf2+ 35. Kh3 Rd2 36. Qh8+ Kf7 37. Qh5 Kg8 38. Ne7+ Kf8 39. Nf5 Nc5 40.
Qh8+ Kf7 41. Qxg7+ Ke6 42. g4 Ne4 43. Qe7+ Kd5 44. Qb7+ Ke5 45. Qxb6 Kf4 46.
Qe3+ Ke5 47. h5 Rd3 48. Qxd3 Nf2+ 49. Kg3 Nxd3 50. h6 Nf4 51. Nh4 Ne2+ 52. Kf2 1-0

[Event "chess.com SpeedChess Q1Sw"]
[Site "chess.com INT"]
[Date "2022.11.10"]
[Round "2"]
[White "Jeet, Jain"]
[Black "Yuan, Qingyu"]
[Result "1-0"]
[WhiteTitle "FM"]
[WhiteElo "2139"]
[BlackElo "2373"]
[WhiteFideId "5073022"]
[BlackFideId "8609772"]
[EventDate "2022.11.10"]

1. e4 c6 2. d4 d5 3. e5 c5 4. dxc5 e6 5. Be3 Nd7 6. Nf3 Bxc5 7. Bxc5 Nxc5 8.
Nbd2 Qb6 9. b3 Ne7 10. c4 O-O 11. cxd5 Nxd5 12. Nc4 Qb4+ 13. Qd2 b6 14. Be2 Ba6
15. O-O Bxc4 16. Bxc4 Qxd2 17. Nxd2 Ne7 18. b4 Nd7 19. f4 Rfd8 20. Nf3 Rac8 21.
Rac1 Nb8 22. g4 h6 23. Kf2 Rc7 24. Bb3 Rdc8 25. Rxc7 Rxc7 26. Rd1 Rc8 27. Ke3
Kf8 28. Ke4 Nec6 29. a3 Rd8 30. Rxd8+ Nxd8 31. f5 Ke7 32. h4 Nd7 33. Nd4 a5 34.
g5 hxg5 35. hxg5 g6 36. f6+ Kf8 37. Ba4 Nb8 38. bxa5 bxa5 39. Kd3 Na6 40. Kc4
Nc7 41. Bc6 Nxc6 42. Nxc6 a4 43. Kb4 Nd5+ 44. Kxa4 Nf4 45. Kb5 Ke8 46. a4 Kd7
47. Kb6 Kc8 48. a5 Nd5+ 49. Kc5 Kc7 50. a6 Nc3 51. a7 Kb7 52. Nd8+ Kxa7 53. Nxf7
Ne4+ 54. Kc6 Kb8 55. Kd7 Nc5+ 56. Ke7 Kc7 57. Nh8 Ne4 58. f7 Nxg5 59. f8=Q Ne4
60. Qd8+ Kb7 61. Qd7+ Kb6 62. Qxe6+ Kc5 63. Qxg6 Nc3 64. Qd6+ Kc4 65. Kf8 Ne4
66. Qc6+ 1-0

[Event "chess.com SpeedChess Q1Sw"]
[Site "chess.com INT"]
[Date "2022.11.10"]
[Round "2"]
[White "Zhigalko, Sergei"]
[Black "Fedoseev, Vladimir3"]
[Result "0-1"]
[WhiteTitle "GM"]
[BlackTitle "GM"]
[WhiteElo "2572"]
[BlackElo "2688"]
[WhiteFideId "13502956"]
[BlackFideId "24130737"]
[EventDate "2022.11.10"]

1. e4 e5 2. Nf3 Nc6 3. Bc4 Nf6 4. d3 h6 5. Nbd2 d6 6. c3 g6 7. O-O Bg7 8. Re1
O-O 9. Nf1 d5 10. exd5 Nxd5 11. Ng3 a6 12. Bb3 Be6 13. Ne4 b6 14. Ba4 Nde7 15.
h3 f5 16. Ng3 Bf7 17. d4 e4 18. Nd2 b5 19. Bc2 Nd5 20. Nb3 Qh4 21. Nc5 Rfe8 22.
Nf1 b4 23. Bd2 bxc3 24. bxc3 Nxd4 25. cxd4 Bxd4 26. g3 Qxh3 27. Nb3 Bb6 28. Ba5
Rad8 29. Qe2 f4 30. Bxe4 Bxa5 31. Nxa5 Nf6 32. Qf3 Rxe4 33. Rxe4 Bd5 34. Rae1
Nxe4 35. Rxe4 Qf5 36. Rxf4 Bxf3 37. Rxf5 gxf5 38. Nc4 Rd1 39. Ne3 Ra1 40. Nxf5
c5 41. Ne3 Rxa2 42. Nc4 Ra1 43. Nd2 Be2 44. Kg2 c4 45. Ne3 c3 46. Nb3 Ra2 47.
Nd4 Bd3 48. Kf3 c2 49. Nb3 Rb2 50. Nc1 Bg6 51. Ne2 a5 52. Nc4 Rb1 53. Ne5 Bh7
54. Nd7 c1=Q 55. Nxc1 Rxc1 56. Nf6+ Kg7 57. Nh5+ Kf7 58. Nf4 a4 59. Ke3 a3 60.
g4 a2 61. Ne2 a1=Q 62. Kf4 Qf6+ 63. Kg3 Rc2 64. Nf4 Qe5 65. f3 Rc3 66. Kh4 Qxf4
67. Kh5 Qg5# 0-1

[Event "chess.com SpeedChess Q1Sw"]
[Site "chess.com INT"]
[Date "2022.11.10"]
[Round "2"]
[White "Salem, A.R. Saleh"]
[Black "Li, Ruifeng"]
[Result "1-0"]
[WhiteTitle "GM"]
[BlackTitle "GM"]
[WhiteElo "2677"]
[BlackElo "2541"]
[WhiteFideId "9301348"]
[BlackFideId "2061074"]
[EventDate "2022.11.10"]

1. d4 Nf6 2. c4 e6 3. Nc3 Bb4 4. a3 Bxc3+ 5. bxc3 d6 6. f3 Nc6 7. e4 e5 8. Be3
Ne7 9. Bd3 Ng6 10. Ne2 b6 11. a4 a5 12. O-O O-O 13. Qd2 Bd7 14. Kh1 Qe7 15. Bc2
Rfe8 16. Rae1 h6 17. g3 Qf8 18. Rf2 Rad8 19. Rg1 Kh8 20. h3 Bc6 21. d5 Bd7 22.
h4 Qe7 23. Rh2 Nh5 24. Bxh6 Qf6 25. Rf2 gxh6 26. Qxh6+ Kg8 27. Qxh5 Kg7 28. Qg5
Qxg5 29. hxg5 Rh8+ 30. Rh2 Rxh2+ 31. Kxh2 Rh8+ 32. Kg2 f6 33. gxf6+ Kxf6 34. Rh1
Rg8 35. Kf2 Kg7 36. Ke3 Rf8 37. Nc1 Nh8 38. Nd3 Nf7 39. f4 Re8 40. Bd1 exf4+ 41.
gxf4 Nh6 42. Rg1+ Kf6 43. Kd4 c5+ 44. dxc6 Bxc6 45. Nf2 Rc8 46. Bc2 Nf7 47. Ng4+
Ke7 48. Ne3 Bd7 49. Nd5+ Kf8 50. Nxb6 Rc7 51. Nxd7+ Rxd7 52. Rb1 Nd8 53. Kd5 Ke7
54. Rh1 Nf7 55. Rh7 Rc7 56. e5 dxe5 57. Bg6 Rd7+ 58. Kc5 Kf6 59. Rxf7+ Rxf7 60.
Bxf7 e4 61. Bd5 Kf5 62. Bxe4+ Kxe4 63. Kb5 1-0

[Event "chess.com SpeedChess Q1Sw"]
[Site "chess.com INT"]
[Date "2022.11.10"]
[Round "2"]
[White "Manukyan, Sargis A."]
[Black "Chigaev, Maksim"]
[Result "0-1"]
[WhiteTitle "FM"]
[BlackTitle "GM"]
[WhiteElo "2163"]
[BlackElo "2632"]
[WhiteFideId "13303970"]
[BlackFideId "4108116"]
[EventDate "2022.11.10"]

1. d4 Nf6 2. c4 e6 3. Nc3 Bb4 4. a3 Bxc3+ 5. bxc3 Nc6 6. e3 b6 7. Bd3 Na5 8. e4
d6 9. f4 Ba6 10. e5 Nd7 11. Qe2 dxe5 12. fxe5 c5 13. Nf3 cxd4 14. cxd4 Rc8 15.
Bg5 Qc7 16. Nd2 h6 17. Bh4 Nxc4 18. Rc1 b5 19. a4 Ndb6 20. axb5 Bxb5 21. Ne4 Qd7
22. Bf2 a6 23. O-O h5 24. d5 Nxd5 25. Bxc4 Rxc4 26. Nd6+ Qxd6 27. exd6 Rxc1 28.
Rxc1 Bxe2 29. Rc8+ Kd7 30. Rxh8 Kxd6 31. Ra8 g6 32. Ra7 f6 33. Rg7 Bd3 34. Be1
e5 35. g3 Ke6 36. Ra7 Kf5 37. Kf2 Bb5 38. Bd2 Nb6 39. Rc7 g5 40. Rf7 g4 41. Bb4
Nd5 42. Bd2 Kg6 43. Rb7 Kf5 44. Ra7 Nb6 45. Rb7 Nc4 46. Bc1 Nd6 47. Rb8 Ne4+ 48.
Ke3 Nc3 49. Rf8 Nd5+ 50. Kf2 Nb4 51. Ba3 Nd3+ 52. Ke3 Ke6 53. Rh8 f5 54. Rxh5
f4+ 55. Kd2 Nf2 56. Rg5 Ne4+ 57. Ke1 Nxg5 58. Bc1 Nf3+ 59. Kf2 Kf5 60. h4 gxh3
61. Kxf3 Bc6+ 62. Kf2 h2 63. g4+ Kxg4 64. Be3 h1=Q 65. Bxf4 Qg2+ 66. Ke1 exf4
67. Kd1 f3 68. Kc1 Qe2 69. Kb1 f2 0-1

[Event "chess.com SpeedChess Q1Sw"]
[Site "chess.com INT"]
[Date "2022.11.10"]
[Round "2"]
[White "Riehle, Marco"]
[Black "Dubov, Daniil"]
[Result "0-1"]
[WhiteTitle "FM"]
[BlackTitle "GM"]
[WhiteElo "2355"]
[BlackElo "2708"]
[WhiteFideId "12904392"]
[BlackFideId "24126055"]
[EventDate "2022.11.10"]

1. e4 c5 2. a3 g6 3. h4 h5 4. Nc3 Nc6 5. Bc4 Bg7 6. d3 e6 7. Bg5 Nge7 8. Qd2 a6
9. Nge2 b5 10. Bb3 Bb7 11. O-O Qb6 12. a4 O-O 13. Kh1 Rae8 14. axb5 axb5 15. Bh6
Kh7 16. Bxg7 Kxg7 17. Ng3 f6 18. Nce2 Ne5 19. d4 cxd4 20. Qxd4 Qc7 21. f4 Ng4
22. Qc3 Rc8 23. Qxc7 Rxc7 24. Nd4 e5 25. Nxb5 Rc5 26. Nd6 Bc6 27. f5 Ne3 28. Rf3
Nxc2 29. Rc1 Rb8 30. Rxc2 Rxc2 31. Bxc2 Rxb2 32. Bd3 Rd2 33. fxg6 Kxg6 34. Ngf5
Nxf5 35. Nxf5 Kf7 36. Nd6+ Ke6 37. Nf5 d5 38. exd5+ Bxd5 39. Rg3 e4 40. Ng7+ Ke5
41. Bf1 Rd1 42. Nxh5 Rxf1+ 43. Kh2 f5 44. Rg7 e3 45. Re7+ Kd4 46. Ng3 Rf2 47. h5
f4 48. Nf5+ Kd3 49. h6 Rxg2+ 50. Kh3 Rg1 51. h7 Rh1+ 52. Kg4 e2 53. Kxf4 Rxh7
54. Re5 Bb7 55. Ng3 Rf7+ 56. Kg5 Rg7+ 57. Kf4 Rf7+ 58. Kg5 Bf3 59. Nxe2 Bxe2 60.
Re8 Rf1 61. Rd8+ Kc3 62. Re8 Bd3 63. Rb8 Kd4 64. Rd8+ Ke3 65. Re8+ Be4 66. Re7
Rf5+ 67. Kg6 Kf4 68. Kg7 Rb5 69. Rf7+ Kg5 70. Re7 Bf5 71. Re1 Rb7+ 72. Kf8 Kf6
73. Re2 Rf7+ 74. Ke8 Rh7 75. Kd8 Rd7+ 76. Ke8 Rb7 77. Rd2 Ra7 78. Rd1 Rh7 79.
Rd6+ Be6 80. Kd8 Ke5 81. Rd1 Bd5 82. Ke8 Kd6 83. Rf1 Ra7 84. Kf8 Rb7 85. Ke8
Rb8# 0-1